000 00814cam a22002295a 4500
001 L157394
008 121121s2012 xxko f 000 0 eng d
020 _a9781848062818
035 _a(Sirsi) u157394
041 0 _aeng
100 1 _aChagger, Raman
245 0 4 _aSmoke detection in high ceiling spaces
_bpart 1, introduction, literature review and modelling
260 _aWatford
_bBRE
_c2012
300 _a12p.
_bill.
_c30cm.
490 0 _aBRE Information Paper
_v(15/12 Part 1)
520 _aDiscusses the specification and installation of smoke detection in high-ceilinged spaces such as atria and warehouses, and offers advice to installers, building designers and regulators.
521 _aAdvanced
590 _aKA
651 4 _aUnited Kingdom
_y
690 _aHealth and safety
_96244
942 _n0
999 _c114753
_d114753